[Event "Moscow FIDE GP"]
[Site "Moscow"]
[Date "2017.05.18"]
[Round "6"]
[White "Ding, Liren"]
[Black "Vachier Lagrave, Maxime"]
[Result "1/2-1/2"]
[WhiteElo "2773"]
[BlackElo "2795"]
[Annotator "Ding Liren"]
[PlyCount "104"]
[EventDate "2017.05.12"]
[EventType "swiss"]
[EventRounds "9"]
[EventCountry "RUS"]
[SourceTitle "CBM 179"]
[Source "ChessBase"]
[SourceDate "2017.07.12"]
[SourceVersion "1"]
[SourceVersionDate "2017.07.12"]
[SourceQuality "1"]

{My games against Maxime are always interesting and highly complicated. This
one is no exception.} 1. c4 e5 2. g3 Nf6 3. Bg2 d5 4. cxd5 Nxd5 5. Nf3 Nc6 6.
O-O Nb6 7. Nc3 Be7 8. a3 O-O 9. b4 Re8 {All theory so far. With the text move
Black deviates from the main line after 9...Be6, but I was well prepared since
he had played this before.} 10. e3 $5 {An unusual move, but during the
preparation I found it really deserved a try. The main idea is to control the
d4-square, and threaten b5.} (10. d3 Bf8 11. Be3 Bg4 12. Bc5 Nd4 13. Nxd4 exd4
14. Ne4 c6 15. Bxf8 Rxf8 16. Nc5 Qe7 17. Re1 Nc8 18. Qd2 Rd8 19. Rac1 Nb6 20.
Qf4 Be6 21. Qe5 Rac8 22. Nxe6 Qxe6 23. Qxe6 fxe6 24. Rc5 Nd5 25. e3 dxe3 26.
fxe3 Rd6 27. d4 a6 28. Kf2 Re8 29. Rd1 Nf6 30. Bf3 Nd7 31. Rcc1 Rf8 32. Ke2 Kf7
33. a4 Ke7 34. Rc2 Nb6 35. b5 axb5 36. axb5 Nd5 37. bxc6 Rxc6 38. Rxc6 bxc6 39.
Rc1 Kd6 40. Be4 h6 41. Rc2 Ra8 42. Kd2 Ra1 43. Rb2 Ra3 44. Bxd5 Kxd5 45. Rb7 g5
46. Rh7 Ke4 47. Rxh6 e5 48. Re6 Rd3+ 49. Kc2 Kxe3 50. Rxe5+ Kxd4 51. Rxg5 Rf3
52. Rh5 c5 53. Rh4+ Kd5 54. Kd2 c4 55. Rh5+ Kd4 56. Rh4+ Kd5 57. Rh8 Rd3+ 58.
Kc2 Rf3 59. Rd8+ Kc5 60. Rc8+ Kb4 61. Rb8+ Kc5 {1/2-1/2 (61) Dubov,D (2660)
-Vachier Lagrave,M (2804) Doha QAT 2016}) 10... a6 {The logical reply, since ..
.a5 is no longer good.} 11. Qc2 Bg4 (11... Be6 {will be met by} 12. Rd1 {
threatening d4.}) 12. Ne4 {Not only preparing Nc5, but also sets up a
potential sacrifice.} f5 $1 {Accepting the challenge!} (12... Qd7 {is natural,
but has a drawback:} 13. Nc5 Bxc5 14. bxc5 Nd5 15. Bb2 Rad8 16. d4 e4 17. Ne5
$1 Nxe5 18. dxe5 Bf3 19. Bxf3 exf3 20. Qe4 $14) 13. Nc5 e4 14. Ne1 Be2 15. d3 (
15. Nxb7 {is possible, too:} Qd5 (15... Qd7 16. d3 Bxf1 17. Bxf1 $1 Rab8 18.
Nc5 Bxc5 19. Qxc5 $1 $14) 16. d3 Bxf1 17. dxe4 Qc4 18. Bxf1 Qxc2 19. Nxc2 fxe4
$13) 15... Bxf1 16. Kxf1 Bxc5 17. bxc5 Nd7 $1 {A very strong move! Much better
than the normal looking 17...Nd5.} (17... Nd5 18. dxe4 fxe4 19. Bxe4 Nf6 20.
Bg2 $36) 18. dxe4 fxe4 (18... Qe7 $1 {is stronger. Not only attacking the
c5-pawn, but also going for the exchange of queens:} 19. exf5 Qxc5 20. Bb2 (20.
Qb3+ Kh8 21. Qxb7 Nde5) 20... Qxc2 21. Nxc2 Rad8 22. Bd5+ Kh8 23. Bxc6 bxc6 24.
Nb4 Nc5 25. Rc1 Ne4 26. Bc3 {with approximate equality.}) 19. Bxe4 Qe7 (19...
Nf6 20. Bg2 {transposes.}) {Here comes the first critical moment. I was about
half an hour up on the clock, I believe White should be better, but the
position was very hard to play. I spent about 50 mins on the next 3 moves,
still couldn't find the best continuations. Maybe 21.Bb2 or 22.Ng2 is
objectivly better.} 20. Bxh7+ Kh8 21. Bg6 (21. Rb1 $2 Nd4) (21. Bb2 Qxc5 22.
Bc3 $1 Ne7 23. Rc1 Qc6 (23... Nf6 24. Bd3 Ned5 25. Bxf6 Qxc2 26. Bxg7+ Kxg7 27.
Rxc2) 24. Kg1 Nd5 25. Ba1 Qxc2 26. Bxc2 c5 27. Nf3 b5 28. Rd1 $14) 21... Rf8
22. Rb1 (22. Ng2 Qxc5 23. Qe2 $1 Rf6 24. Nf4 Nf8 25. Bc2 Rh6 26. h4 $40) (22.
Nd3 $4 Qf6) 22... Nxc5 (22... Nde5 23. Bh5) 23. Ng2 {This is the position I
wanted. White keeps the queens on the board, the knight heads to the f4-square
and I also have Rb4-Rh4 if possible.} Rad8 {Black must try to exchange the Bg6.
} ({But the obvious} 23... Ne5 {is wrong:} 24. Rb4 $1) (23... Qd6 {is the
right move:} 24. Nf4 Ne5 25. Bb2 Rxf4 26. Bxe5 Rxf2+ 27. Kxf2 Qxe5 28. Rb4 Rf8+
29. Kg2 Ne6 30. Rh4+ Kg8 31. Bh7+ Kf7 $11) 24. Nf4 {Returning the favour.} ({
A better move is} 24. Bb2 Ne5 25. Nf4 $16) 24... Ne6 $1 {Now I can't keep the
strong knight, although I get a pawn as compensation.} 25. Rxb7 Ne5 (25... Nxf4
{is called for.} 26. exf4 Qe6 $1 27. Bb2 Nd4 28. Bxd4 Rxd4 29. Rxc7 Qh3+ $1 (
29... Rfd8 30. Qf5 $1 $16) (29... Qd5 30. Rc5 $1) 30. Ke2 (30. Kg1 $4 {even
loses:} Rfd8 $19) 30... Qg4+ 31. Ke3 $1 Rd1 32. f3 (32. Rc5 Re1+ 33. Kd4 Re2)
32... Qe6+ 33. Be4 Rfd8 $13) 26. Bb2 {Again returning the favour.} ({After} 26.
Be4 $1 {White is nearly winning, although I can't believe it... For example}
Nc5 27. Rb4 Rxf4 (27... a5 28. Rb5 Nxe4 29. Qxe4) 28. exf4 Ned3 29. Qe2 Nxb4
30. Qh5+ Kg8 31. Bh7+ Kf8 32. Qf5+ Qf6 33. Qxc5+ Qe7 34. Qxe7+ Kxe7 35. Bb2)
26... Nf3 {Again he missed a good chance to equalise. It seems as if he wants
to keep as many pieces on the board as possible. On the contrary, I didn't
mind simplifying the position.} (26... Nxf4 27. exf4 Nxg6 28. Qxg6 Qd7 $1 29.
Kg2 Qd5+ 30. f3 Rd7 $11) 27. Bh5 $1 {Finally seizing the chance.} Nxf4 28. gxf4
$1 (28. Bxf3 $2 Nd3 29. Rxc7 Rd7 30. Qc6 (30. Rxd7 Qxd7 31. Bd4 Qh3+ (31... Qf7
32. Qc6) 32. Kg1 Ne1 33. Bxg7+ Kxg7 34. Qc3+ Rf6 35. Be4 $11) 30... Rxf3 31.
Qxf3 Rxc7 32. Qh5+ Kg8 33. Qd5+ Qf7 34. Qxd3 Qc4 $11) {Suddenly it seems
White's pawn majority f4-e3-f2 is controlling important squares and files and
I didn't see Black's counterplay...} 28... Rd2 29. Qc3 {One step in the wrong
direction.} (29. Qc6 $1 {is simpler:} Rxb2 $8 30. Rxb2 Qxa3 31. Qc1 Qd3+ 32.
Kg2 Nh4+ 33. Kh3 Nf5 34. Rd2 $18) 29... Nxh2+ 30. Kg1 {Spoiling the winning
advantage!} (30. Ke1 $1 {is hard to play, at least I have to spot Black's
resource after 30.Kg1...} Rd7 31. Qc6 Rfd8 32. Be2 Qh4 (32... Kg8 33. Ra7) 33.
Rxc7 Rxc7 34. Qxc7 Rg8 35. Qd7 Qh7 36. f5 $18) 30... Rxf4 $3 {A great move.
Both in appearance and actual value.} (30... Rd7 31. Qc6) (30... Rfd8 31. Qe5)
31. Qxg7+ $8 (31. Qxd2 $4 Qg5+ 32. Kh1 Qxh5 33. Qd8+ Kh7 34. exf4 Qh3) 31...
Qxg7+ 32. Bxg7+ Kxg7 33. exf4 Kh6 34. Kxh2 (34. Be8 {To keep the bishop is
another try.} Ng4 35. Ra7 $1 Nxf2 36. Rxa6+ Kg7 37. Kg2 Ne4+ 38. Kf3 Nd6 39.
Bc6 Kf6 40. a4 Rc2 41. a5 Ke7 42. Bd5 Rc5 $14) 34... Kxh5 35. Rxc7 Kg4 $1 ({
Of course not} 35... Rxf2+ 36. Kg3 Ra2 37. Rc5+) 36. Kg2 Rd3 37. f3+ ({After
the game, I thought 37.f5 was winning but missed 37...Kg5!} 37. f5 $5 Kg5 $8 (
37... Kxf5 $2 38. Rc5+ Kf4 39. Ra5 Rd6 40. Ra4+ Kf5 41. Kg3 Rg6+ (41... Rd3+
42. f3 Rd6 43. Ra5+) 42. Kf3 Rc6 43. Ra5+ $18) (37... Rxa3 $2 38. f6 Ra5 39. f7
Rf5 40. Rc4+ Kg5 41. Rc5) (37... Kh5 $2 38. Rh7+ Kg5 39. f6) 38. f6 Kg6 39. f7
Kg7 $11) 37... Kh5 {Made things much more complicated. With the pawn on f3
instead of f2 Black can take the f4-pawn.} (37... Kxf4 38. Rc4+ Kf5 39. Ra4 Rd6
40. Kg3 Rg6+ $1 41. Rg4 (41. Kf2 Rb6 42. Ke3 Rb3+) 41... Rxg4+ 42. fxg4+ Kg5
43. a4 a5 $11) 38. a4 (38. Rc5+ $1 {is the critical move. Black can barely get
a draw with very accurate play.} Kh4 39. f5 (39. Ra5 Rd2+ 40. Kf1 Kg3 41. Ke1
Rd3 (41... Rd6 42. Ke2 Kxf4 43. Ra4+ Kf5 44. Ke3 Re6+ 45. Re4 Rb6 46. Rf4+ $1
$18) 42. Ke2 (42. Rxa6 Kxf4 (42... Rxf3) 43. Ke2 Re3+ 44. Kd2) 42... Rxf3 43.
f5 (43. Rxa6 Rxf4 44. a4 Kg4 45. Ke3 Rf3+ 46. Ke4 Rf4+ 47. Ke5 Rf5+) 43... Kg4
44. Ra4+ Kg3 45. Rxa6 Rxf5 $11) 39... Rd2+ 40. Kf1 Kg3 41. Ke1 Rd3 (41... Rd6
42. Ke2 Kf4 43. f6 Re6+ 44. Kf2 Rxf6 45. Rc4+ Kf5 46. Ke3 Re6+ 47. Re4 Rb6 48.
Rf4+ Ke5 49. Ra4 Rb3+ 50. Kf2 $18) 42. Ke2 Rxf3 43. Ra5 Kg4 44. Ra4+ Kg3 45.
Rxa6 Rxf5 46. Ke3 Kg4 47. a4 Rf3+ $1 (47... Re5+ 48. Kd4 Kf5 49. Ra8 Re1 50.
Rf8+ $18) (47... Kg5 48. Rb6) 48. Kd4 Rf4+ 49. Kd5 (49. Ke5 Rf5+ $1) 49... Kg5
$1 (49... Rf5+ 50. Kc4 Rf4+ 51. Kb5 Rf5+ 52. Kc6) 50. a5 Rf5+ 51. Kc6 Kh6 $1 (
51... Kg6 52. Kb6) 52. Kb6 (52. Ra8 Kg7) 52... Rg5 53. Ra8 Rg6+ 54. Kc7 (54.
Kc5 Rg5+ 55. Kd6) 54... Rg7+ 55. Kd6 Rg6+ 56. Ke7 Rg7+ 57. Kf6 Rg6+ 58. Kf5
Rg5+ 59. Kf4 Rb5 60. a6 Kg7 $11) 38... Rd4 39. Rc5+ Kh4 40. Kf2 Rxa4 41. Ke3 a5
42. Rg5 Ra3+ 43. Ke4 Ra4+ $1 {An important check. After that it's easy.} 44.
Ke5 Rb4 45. Rg4+ Kh5 46. f5 Rb5+ 47. Ke6 Rb6+ 48. Ke7 Rb7+ 49. Ke6 Rb6+ 50. Kf7
Rb7+ 51. Kg8 Rb8+ 52. Kg7 Rb7+ {Draw agreed. Although there are many mistakes
involved, I still think it's a good game and the most memorable one for me in
the tournament. Since inaccuracy and mistakes in such a complicated position
are inevitable. At least, not all draws here were boring.} 1/2-1/2

[Event "Novgorod"]
[Site "Novgorod"]
[Date "1995.05.31"]
[Round "5"]
[White "Gulko, Boris F"]
[Black "Short, Nigel D"]
[Result "0-1"]
[WhiteElo "2595"]
[BlackElo "2655"]
[Annotator "Dolmatov,S"]
[PlyCount "116"]
[EventDate "1995.05.??"]
[EventType "tourn"]
[EventRounds "9"]
[EventCountry "RUS"]
[EventCategory "17"]
[SourceTitle "CBM 048"]
[Source "ChessBase"]
[SourceDate "1995.10.01"]
[SourceVersion "1"]
[SourceVersionDate "1995.10.01"]
[SourceQuality "1"]

1. c4 {Ribli} e5 2. Nc3 Nf6 3. Nf3 Nc6 4. g3 Bb4 5. Bg2 O-O 6. O-O d6 (6... e4
$5 {Ribli} 7. Ng5 (7. Ne1 $5) 7... Bxc3 8. bxc3 Re8 9. f3 e3 10. d3 d5 $13 {
Lautier,J-Illescas Cordoba,M/Dos Hermanas/1995/CBM47/}) 7. d3 h6 (7... Re8 8.
Nd5 Nxd5 9. cxd5 Nd4 10. Nxd4 exd4 11. e4 dxe3 12. fxe3 Bc5 13. d4 $14) (7...
Bxc3 {Ribli} 8. bxc3 e4 (8... h6 $6 9. e4 Be6 10. Nh4 Rb8 11. Rb1 a6 12. a4 Nh7
13. Nf5 $14 {Serper,G-Zagrebelny,S/St.Petersburg op/1994/EXP43/INF62,33/}) 9.
Nd4 $13) 8. Na4 (8. Nd5 $5 Nxd5 9. cxd5 Ne7 10. Ne1 c6 11. Nc2 Bc5 12. d4) (8.
Bd2 {Ribli} a5 9. a3 Bc5 10. Na4 Re8 11. Nxc5 dxc5 12. Bc3 e4 $13 {Gulko,
B-Short,N/Riga Tal/1995/CBM47/}) 8... Ba5 {Eine Neuerung.} (8... a5 $6 {Ribli}
9. e3 d5 10. a3 Be7 11. cxd5 Nxd5 12. Qc2 $14 {Lautier,J-Hertneck,G/Baden
Baden/1992/CBM33/INF56,40/}) 9. a3 Bb6 10. b4 a6 11. Nxb6 (11. c5 $5 Ba7 12.
Bb2 Be6 13. d4 $16) 11... cxb6 12. Bb2 $14 Re8 13. Rc1 b5 14. e4 (14. cxb5 axb5
$10) (14. c5 {Ribli} d5 $13 {Schwarz hat ein sehr starkes Zentrum.}) 14... Be6
(14... bxc4 15. dxc4 Nxe4 16. Nxe5 Nxe5 17. Bxe4 Bg4 18. Qb3 $16) 15. c5 $6 (
15. cxb5 $5 axb5 16. d4 Bc4 17. Re1 $16) (15. Re1 $5 {Ribli}) 15... Bg4 $1 16.
h3 Bxf3 17. Qxf3 dxc5 18. Rxc5 Nd7 $1 19. Rcc1 Nb6 20. Qe3 Na4 $132 21. Ba1 Qd6
22. f4 Rad8 23. fxe5 $6 (23. Rcd1 Nd4 24. Qf2 f6 $132) (23. Rfd1 {Ribli}) 23...
Qxd3 24. Qf4 Re7 25. Rf3 (25. Bf3 $5 {Ribli /\ Rcd1 oder Bh5.}) 25... Qd2 26.
Rf2 Qxf4 (26... Qd3 $10) 27. gxf4 Red7 {Ribli Weiss hat B-paar und starke P
auf die e und f-Linie, weil Schwarz die d-Linie herrscht und seine N sehr
aktiv sind. Der Nachziehende steht minimal besser.} 28. Bf1 Rd1 29. Rfc2 Rxc1
30. Rxc1 Rd2 31. h4 $1 {Weiss soll seinen Laeufer aktivisieren.} Ra2 32. Bh3
Rxa3 33. e6 $1 (33. Bc8 $2 {Ribli 33.Bc8!? Dieser Zug sieht besser als die
Partiefortsetzung aus.} Nxb4 34. Bxb7 Nd3 35. Rc8+ Kh7 $19) 33... f6 (33...
Rxh3 $2 {Ribli} 34. Rxc6 $1 fxe6 (34... bxc6 35. e7 $18) 35. Rc7 $44) 34. Bf5
g6 {Eine unangenehme Ueberraschung.} 35. Bxf6 $2 (35. Bxg6 $1 Rg3+ 36. Kf2 Rxg6
37. Kf3 $16) 35... gxf5 36. Rd1 (36. exf5 {Ribli} Rd3 $1 37. Kf2 Kf8 38. Rg1
Rd5 $19) 36... fxe4 $1 37. Rd8+ $6 (37. Rd7 $44) (37. f5 {Ribli} Rd3 $19) 37...
Kh7 (37... Nxd8 $2 38. e7 $18) 38. f5 $2 (38. e7 Nxe7 39. Bxe7 $44) 38... Nxd8
39. e7 Rg3+ 40. Kf2 Rg8 41. exd8=Q Rxd8 42. Bxd8 {Ribli Weiss gewinnt die
Figur zurueck, aber er bleibt zwei P weniger. Er ist hilflos.} Nc3 43. Ke3 Nd5+
44. Kxe4 Nxb4 $17 45. h5 Nc6 46. Bf6 Kg8 47. Bb2 a5 48. Bc1 (48. Kd5 Nb4+ 49.
Kd6 Kf7 $17) 48... Kg7 49. Bb2+ Kf7 50. Bc1 a4 51. Bxh6 a3 52. Bc1 b4 53. Kd5 (
53. Kd3 $32 b5 (53... Na5) 54. h6 Kf6 55. Kc2 Nd4+ 56. Kb1) 53... Na5 $19 54.
Kc5 Nb3+ 55. Kxb4 Nxc1 56. Kxa3 Ne2 57. Kb4 Nd4 58. Kc5 Nxf5 {Ribli Das war
eine sehr interessante und gut gekaempfte Partie.} (58... Nxf5 59. Kb6 Nd6 60.
h6 (60. Kc7 {Ribli} b5 $19) (60. Kc5 b5 $19) 60... Kg6 61. Kc5 b5 $19) 0-1

[Event "Olympiad-32"]
[Site "Yerevan"]
[Date "1996.09.16"]
[Round "1.1"]
[White "Gulko, Boris F"]
[Black "Valiente, Cristobal"]
[Result "0-1"]
[WhiteElo "2615"]
[BlackElo "2390"]
[Annotator "Dolmatov,S"]
[PlyCount "100"]
[EventDate "1996.09.15"]
[EventType "team-swiss"]
[EventRounds "14"]
[EventCountry "ARM"]
[SourceTitle "CBM 055"]
[Source "ChessBase"]
[SourceDate "1996.12.01"]
[SourceVersion "1"]
[SourceVersionDate "1996.12.01"]
[SourceQuality "1"]
[WhiteTeam "US of America"]
[BlackTeam "Paraguay"]
[WhiteTeamCountry "USA"]
[BlackTeamCountry "PAR"]

1. c4 Nf6 2. Nc3 e5 3. Nf3 Nc6 4. g3 Bb4 5. Bg2 O-O 6. O-O Re8 7. d3 h6 8. e4
$6 (8. Bd2 $5 d6 9. a3 Bxc3 10. Bxc3 Bf5 11. b4 Qd7 12. Re1 $14) 8... Bc5 9. h3
d6 10. Kh2 Be6 11. Ng1 (11. Nh4 Nd4 12. f4 $2 exf4) 11... Nh7 12. f4 exf4 13.
gxf4 f5 $15 14. Nge2 Nd4 (14... Nf6 $2 15. d4 Bb6 16. d5 Ng4+ 17. Kh1 $16) 15.
Be3 Nxe2 16. Qxe2 fxe4 17. Bxe4 (17. dxe4 $2 Bxe3 18. Qxe3 Bxc4) 17... Nf6 18.
f5 Bxe3 19. Qxe3 (19. fxe6 Nxe4 20. Nxe4 (20. Qxe3 Ng5) 20... Bd4 $17) 19... d5
20. Rg1 $2 (20. fxe6 dxe4 21. Nxe4 Rxe6 22. Nxf6+ Rxf6 $15) (20. cxd5 Bxd5 $1 (
20... Nxd5 21. Qg3 Nxc3 22. bxc3 Bd5 23. f6) 21. Nxd5 Nxd5 $10) 20... dxe4 21.
Qxh6 Re7 $1 (21... Qe7 22. fxe6 $16) 22. Qxf6 Qd6+ 23. Kh1 Rf8 24. Qh4 Bxf5 $15
25. dxe4 Bh7 (25... Bxh3 $5 26. Qxh3 Re6 27. Rg4 (27. Rad1 Rh6 28. Rxd6 Rxh3+
29. Kg2 Rxc3 30. bxc3 cxd6 $15) 27... Rh6 28. Rh4 Rxh4 29. Qxh4 Rf6) 26. Raf1
Rxf1 27. Rxf1 Qe6 $10 28. Kh2 $6 (28. Qg4 Qxg4 29. hxg4 Bxe4+ 30. Kh2 $10)
28... Rd7 29. Qf4 Bg6 30. b3 $4 (30. Rg1 $5 Rf7 31. Qg3 $13) 30... Rf7 31. Qc1
$19 Rxf1 32. Qxf1 Qe5+ 33. Kg2 Qxc3 34. Qf4 Qc2+ 35. Kf3 Qd3+ 36. Kf2 Bxe4 37.
Qxc7 Qd2+ (37... Qf3+ 38. Ke1 Qe3+ 39. Kd1 Bd3 $19) 38. Kg3 Qe3+ 39. Kh4 Kh7 (
39... Qf2+) 40. Qe5 Qf2+ 41. Kg4 Bg6 42. Qd5 b6 43. a4 Qe3 44. b4 Qg1+ 45. Kf4
Qf1+ 46. Kg4 Bf7 47. Qe4+ g6 48. c5 bxc5 49. bxc5 Qg1+ 50. Kh4 Kh6 0-1